000 00194 a2200097 4500
001 2331
100 _aDurand, W F
245 _aAerodynamics theory
260 _a
_bDover
_c
090 _c1691
_d1691
942 _aNUST-CAE
_cM
_c7680
999 _c237404
_d237404